000 00634nai a2200205Ia 4500
003 IN-BaIIA
008 211028c9999 xx s 000 0 eng d
022 _a10443983 (Print)
022 _a15315487 (Online)
040 _cIIA Library
245 0 _aEpidemiology
_h[eJournal]
260 _aNew York
_bLippincott Williams & Wilkins
310 _aBi-monthly
362 _a1(1); 1990 - 25(6); 2014
521 _bSubscribed through IIA Library
650 _a Medicine & Allied Health
_948817
650 _aHealth Sciences
_948818
856 _uhttps://www.jstor.org/journal/epidemiology
_yClick Here to Access eJournal
942 _cEJ
999 _c34337
_d34337